[Event "Olympiad-36"]
[Site "Mallorca"]
[Date "2004.10.20"]
[Round "6"]
[White "Shabalov, Alexander"]
[Black "Kozul, Zdenko"]
[Result "0-1"]
[WhiteElo "2608"]
[BlackElo "2640"]
[Annotator "Gofshtein,L"]
[PlyCount "72"]
[EventDate "2004.10.15"]
[EventType "team-swiss"]
[EventRounds "14"]
[EventCountry "ESP"]
[SourceTitle "CBM 104"]
[Source "ChessBase"]
[SourceDate "2005.01.27"]
[SourceVersion "1"]
[SourceVersionDate "2005.01.27"]
[SourceQuality "1"]
[WhiteTeam "US of America"]
[BlackTeam "Croatia"]
[WhiteTeamCountry "USA"]
[BlackTeamCountry "CRO"]

{[%mdl 256]} 1. e4 c5 2. Nf3 d6 3. d4 cxd4 4. Nxd4 Nf6 5. Nc3 Nc6 6. Bg5 e6 7.
Qd2 a6 8. O-O-O Bd7 9. f3 Be7 10. Kb1 O-O {10...Qc7 was also met. As the game
given below shows white gets the initiative.} (10... Qc7 11. h4 O-O 12. h5 Rfd8
13. g4 d5 14. e5 Nxe5 15. h6 $36 {1-0 Ehlvest,J-Tischbierek,R/New York 1994/
CBM 40 ext (21)}) 11. h4 Qb8 {Black carries out a relatively new plan of
counterplay. 11...b5 was played more often.} (11... b5 12. Nxc6 (12. g4 b4 13.
Nce2 Ne5 14. Ng3 Bb5 $132 {1-0 Soltanici,R-Kessler,M/St Lorrain 2001/EXT 2002 
(58)}) 12... Bxc6 13. Ne2 Rc8 14. Nd4 Bb7 15. g4 Nd7 16. Be3 d5 17. exd5 Bxd5
$15 {1-0 Caposciutti,M-Mednis,E/Forli 1992/TD (30)}) 12. g4 Rc8 13. Be3 $146 {
White got an active position after 13.Nc6:} (13. Nxc6 $5 Bxc6 14. Bd3 b5 15.
Ne2 b4 16. Nd4 Be8 17. h5 $16 {1-0 Topalov,V-Kozul,Z/Tripoli LBA 2004/The Week
in Chess 503 (58)}) 13... Ne5 14. g5 $5 {It is also possible to play h5 first.}
(14. h5 $5 b5 15. Bd3 $5 (15. g5 b4 16. Nce2 Nc4 17. Qd3 Ne8 18. g6 $13) 15...
b4 16. Nce2) 14... Nh5 $5 15. f4 (15. b3 Ng3) 15... Nc4 16. Bxc4 Rxc4 17. f5 b5
18. Rhg1 {An immideate 18.g6 also deserved attention, opening lines for the
attack.} (18. g6 $5 hxg6 19. fxg6 f6 (19... fxg6 20. Bg5 Qe8 21. Bxe7 Qxe7 22.
Nb3 Nf6) 20. Qg2) 18... g6 $5 {A strong defensive move. This way black limits
white's attacking possibilities.} 19. fxe6 (19. Qd3 Qc7 20. Nce2 Rc8 $132) (19.
f6 Bf8) 19... fxe6 20. Nb3 {White tries to spot weaknesses in the black
position. The two bishops give him the opportunity to defend his weaknesses.} (
20. e5 dxe5 21. Nf5 (21. Nb3 Be8 22. Rgf1 (22. Na5 Rc8 23. Ne4 Qc7 $132) 22...
Ng3 23. Rf3 Nf5 $132) 21... exf5 22. Qxd7 Bf8 23. Nd5 Re4 $132) 20... Be8 21.
Rdf1 Qd8 {[%cal Rd8a5] Defending against Na5.} 22. Rf3 Bc6 {[%cal Rc6e4]} 23.
Nd4 Qd7 24. Qd3 (24. Nxc6 Qxc6 25. Rgf1 b4 26. Na4 Rxe4 27. Nb6 Re8 $132) 24...
Bb7 {Black moves his bishop opening the c-file for his rooks.} 25. Nb3 Rac8 {
[%cal Rc4c3] Increasing pressure over the c-file.} 26. Na5 Rxc3 $1 {[%mdl 512]
A positional exchange sacrifice. Black gets compensation because of white's
many weaknesses in his position.} 27. bxc3 Ba8 {Of course, it is importnat to
keep the bishop.} 28. Rgf1 e5 29. Nb3 Qe6 30. Nd2 d5 $36 31. R1f2 Rd8 {[%cal
Yd8d3] Black is gradually taking control over the initiative and puts heavy
problems to his opponent.} 32. Nb3 (32. Qf1 dxe4 33. Rh3 Nf4 $36) 32... Nf4 33.
Nc5 $2 {33.Qf1 is more stubborn although also in this case, black's advantage
is doubtless.} (33. Qf1 dxe4 34. Rg3 Bd5 $36) 33... Qc8 $1 (33... Bxc5 34. Rxf4
exf4 35. Bxc5 $17) 34. Bxf4 dxe4 $1 $19 35. Qe2 Bxc5 36. Rg3 Bxf2 0-1

[Event "USA-ch"]
[Site "San Diego"]
[Date "2004.11.29"]
[Round "5"]
[White "Milman, Lev"]
[Black "Finegold, Benjamin"]
[Result "1-0"]
[WhiteElo "2434"]
[BlackElo "2531"]
[Annotator "Gofshtein,L"]
[PlyCount "119"]
[EventDate "2004.11.24"]
[EventType "swiss"]
[EventRounds "9"]
[EventCountry "USA"]
[SourceTitle "CBM 105"]
[Source "ChessBase"]
[SourceDate "2005.04.11"]
[SourceVersion "1"]
[SourceVersionDate "2005.04.11"]
[SourceQuality "1"]

1. e4 c5 2. Nf3 Nc6 3. d4 cxd4 4. Nxd4 Nf6 5. Nc3 d6 6. Bg5 e6 7. Qd2 a6 8.
O-O-O Bd7 9. f4 h6 10. Bh4 (10. Bxf6 $5 Qxf6 11. Nf3 Qd8 12. f5 Be7 13. Bc4 Rc8
14. fxe6 fxe6 15. Bb3 Na5 16. Kb1 Rc5 17. Qf4 Qc8 18. e5 $36 {Dvoirys,
S-Makarichev,S/Kolontaevo/1994/1|0/50/}) 10... Nxe4 (10... g5 $5 11. fxg5 Ng4
$1 $132) (10... b5 $5) (10... Be7) 11. Qe1 Nf6 (11... g5 $6 12. Nxe4 Nxd4 13.
fxg5 Nf5 14. Nf6+ Ke7 15. Nd5+ Ke8 16. Nf6+ Ke7 17. Bf2 Bc6 18. Bd3 hxg5 19.
Bxf5 Kxf6 20. Bd4+ Kxf5 21. Bxh8 $16 {Jansa,V-Formanek,E/Gausdal/1991/0,5/58/})
12. Nf5 Qa5 13. Nxd6+ Bxd6 14. Rxd6 Nb4 $6 {A loss of a tempi. As the
tournament practice shows after 14...0-0-0 or 14...Qc7 it is more difficult fo
white to get any advantage} (14... Qc7 15. Rd2 $1 (15. Qd2 O-O-O (15... Ne7 $6
16. Bxf6 gxf6 17. Ne4 $36 {Kots,Y-Kudriashov,A/URS/1979/1|0/41/ (17)}) 16. Be2
Ne7 17. Rd1 Nf5 18. Bxf6 gxf6 19. Rd3 Bc6 $132 {0-1 Barden,L-Taimanov,M/London
1954/MCL/[Chekhov] (45)}) 15... O-O-O (15... Qxf4 $6 16. Bxf6 Qxf6 (16... gxf6
17. Nd5 $36) 17. Ne4 Qf4 18. Nd6+ Ke7 19. g3 $16 {1-0 Guseinov,G-Mamedov,N/
Baku 2002/CBM 089 ext (26)}) 16. Bxf6 gxf6 17. Ne4 Be8 18. Rxd8+ Nxd8 19. Qe3
$36 {1-0 Tal,M-Barda,O/Upsala 1956/EXT 2000 (48)}) (14... O-O-O 15. Rd2 $5 (15.
Bxf6 gxf6 16. Be2 Ne7 $132 {1/2-1/2 Szily,J-Benko,P/Budapest 1947/EXT 99 (36)})
(15. Qf2 $142 Ne7 16. Rxa6 $3 {Larsen}) 15... Ne7 16. Qe5 Qxe5 17. fxe5 $16 {
Tringov,G-Bilek,I/Teesside/1972/0,5/41/ (26)}) 15. a3 Nc6 {After 15...Nbd5
black is also facing some difficulties} (15... Nbd5 16. Qe5 $1 Bc6 (16... b6
17. Nxd5 Nxd5 18. Bc4 Rc8 19. Rxd5 f6 20. Qh5+ {1-0 Sebestyen,B-Benko,P/
Budapest 1950/MCL (20)}) 17. f5 $40 {1-0 Karaklajic,N-Nedeljkovic,S/Belgrade
1954/MCD (43)}) 16. Bxf6 $5 {White exchanges his bishop creating weaknesses in
the black's position} gxf6 17. Qh4 f5 (17... Qc5 18. Qxf6 Qxd6 19. Qxh8+ Qf8
20. Qf6 $36) 18. Be2 {[%cal Re2h5,Rh1d1] White develops his bishop and has now
the opportunity to bring the rook h1 to the game} Ne7 {White also has the
initiative after 18...Qd8} (18... Qd8 19. Qg3 Qe7 20. Rhd1 O-O-O (20... Rd8 21.
Bf3 $36) 21. Qe3 $36) 19. Rhd1 {[%cal Rd6d7,Rd1d6]} Bc6 {Loses at once. But
also after 19...Rd8 white has the initiative} (19... Rd8 20. Qf6 Rh7 21. Bf3
$36) 20. Rxe6 $1 Qc7 (20... fxe6 21. Bh5+ Kf8 22. Qf6+ $18) 21. Bh5 $18 {
Creating decisive threats on the black king} Kf8 22. Bxf7 $1 Rh7 (22... Kxf7
23. Qf6+ Kg8 24. Rxe7) 23. Bh5 Ng8 24. Re5 Re7 25. Rxf5+ {Three extra pawns
and a bad position of the black king characterizes white's decisive advantage}
Kg7 26. Bf3 Rd8 27. Rxd8 Qxd8 28. Bxc6 bxc6 {By exchanging pieces white brings
the game to a winning endgame} 29. Re5 Qd7 30. Rxe7+ Nxe7 31. Qg3+ Kf7 32. Qd3
Qg4 33. g3 Qh5 34. Qe2 {White only has to be accurate in this position} Qc5 35.
Kb1 a5 36. Ne4 {Activizing the knight and forcing the black queen to retreat
from an active position} Qd5 37. Qc4 Ke6 (37... Qxc4 38. Nd6+ Ke6 39. Nxc4) 38.
Nc5+ Kf5 39. Qe2 {[%cal Re2e7,Re2h5] Attacking the black knight and
threatening 40.Qh5} (39. Qc3) 39... Kf6 (39... Qxc5 40. Qh5+) 40. Qe5+ Qxe5 41.
Nd7+ Kf5 42. Nxe5 {After the exchange of queens white's task is even simpler}
Ke4 43. Kc1 h5 44. Kd2 c5 45. Ke2 Nf5 46. Nc6 {[%cal Rc6a5,Rc6d4] Attacking
the pawn on a5 and defending against the check on d4} a4 (46... Ne3 47. Nxa5
Nxc2 48. Nc6) 47. b3 {Creating a passed pawn} Kd5 48. Na5 Kd4 {[%cal Rd4c3]} (
48... Nd4+ 49. Kd3) (48... axb3 49. cxb3 Kd4 50. Kd2 Ke4 51. Kc3 h4 52. gxh4
Nxh4 53. Nb7 $18) 49. Nb7 {[%cal Rb7c5] Hanging to the c5 pawn and not
allowing black to activize his king} c4 50. bxa4 Kc3 51. a5 Nd4+ 52. Kd1 Nxc2 {
Black takes the c-pawn and is trying to make use of his c-pawn} 53. a6 Kb2 54.
a7 c3 55. a8=Q Nd4 (55... Nxa3 56. Qxa3+ Kxa3 57. Kc2 $18) 56. Qc8 c2+ 57. Kd2
Nf3+ (57... Nb3+ 58. Ke3 c1=Q+ 59. Qxc1+ Kxc1 60. f5 $18) 58. Kd3 c1=Q 59.
Qxc1+ Kxc1 60. a4 1-0

[Event "USA-ch"]
[Site "San Diego"]
[Date "2004.11.28"]
[Round "4"]
[White "Adamson, Robby"]
[Black "Becerra Rivero, Julio"]
[Result "0-1"]
[WhiteElo "2373"]
[BlackElo "2537"]
[Annotator "Gofshtein,L"]
[PlyCount "68"]
[EventDate "2004.11.24"]
[EventType "swiss"]
[EventRounds "9"]
[EventCountry "USA"]
[SourceTitle "CBM 105"]
[Source "ChessBase"]
[SourceDate "2005.04.11"]
[SourceVersion "1"]
[SourceVersionDate "2005.04.11"]
[SourceQuality "1"]

1. e4 {[%mdl 4]} c5 2. Nf3 d6 3. d4 cxd4 4. Nxd4 Nf6 5. Nc3 Nc6 6. Bg5 a6 7.
Qd2 e6 8. O-O-O Bd7 9. f4 h6 10. Bh4 g5 11. fxg5 Ng4 {By weakening his
kingside black gets in compensation a comfortable spot for his knight on e5}
12. Be2 Nge5 13. Nf3 Be7 14. Rhg1 {With the idea to defend the g5 pawn after a
possible exchange on f3} b5 {Black activizes his position on the queenside. 14.
..Rg8 was also played, for example:} (14... Rg8 {– 62/(226)}) (14... Rg8 15.
Bg3 hxg5 16. Nxe5 Nxe5 17. Bxe5 dxe5 18. Bh5 $36 {1/2-1/2 Ziatdinov,
R-Vydeslaver,A/Amsterdam 1994/EXT 2003 (35)}) 15. Rdf1 {[%cal Rf1f7] White
transfers the rook to a more active position, keeping an eye on the f7 pawn}
Qa5 $146 {Previously 15...b4 was played with mutual chances} (15... b4 16. Nd1
(16. Na4 $5 Qa5 17. b3 $13) 16... a5 17. Bb5 (17. Kb1 Rb8 18. Nf2 (18. b3 $1 {
Acs,P; Hazai,L.} a4 $5 $146 (18... hxg5 19. Bxg5 Nxf3 20. gxf3 Bxg5 21. Rxg5
$36 {1-0 Acs,P-Van der Wiel,J/Wijk aan Zee II 2003/Inf 86/[Acs,P; Hazai,L] (37)
}) (18... Ng6 19. g3 $1 (19. Bg3 hxg5 20. Bxd6 Bxd6 21. Qxd6 g4 $1 22. Nd4 Nce5
$44)) 19. Nb2 $132 {1-0 Karjakin,S-Nijboer,F/Wijk aan Zee II 2003/Inf 86/
[Karjakin,Sergey; Borovikov,V] (28)} (19. bxa4 $145 $5 {Acs,P; Hazai,L})) 18...
a4 19. Nxe5 Nxe5 20. Ng4 hxg5 21. Bg3 Nxg4 22. Bxg4 Qc7 23. Rf3 Bc6 24. Qd4 Rh7
25. Rgf1 Qb6 $132 {1-0 Hunt,H-Bojkovic,N/Calvia ESP 2004/The Week in Chess 521
(61)}) 17... Rc8 18. Kb1 Qb6 19. Nxe5 Nxe5 20. Bxd7+ Kxd7 21. Bf2 Qc6 $132 {
0-1 Palac,M-Kozul,Z/Pula 1998/EXT 2000 (56)}) (15... Rb8) 16. Kb1 O-O-O 17.
Nxe5 {17.a3 deserved an attention still not clearing the position} (17. a3 $5)
17... dxe5 18. Bd3 Be8 19. g6 $6 {[%mdl 512] White sharpens the game, by
sacrificing a piece. It was better to follow a waiting strategy} (19. h3 Nb4
$132) 19... Bxh4 20. g7 Rg8 21. Qxh6 {[%cal Rh6h4]} b4 $5 {Black plays very
energetically. In case of 21...Be722.Qh7Bd7 23.Rf7 white has a certain
compensation for the sacrificed piece.} (21... Be7 22. Qh7 Bd7 23. Rxf7) 22.
Ne2 b3 23. axb3 (23. cxb3 Rxd3 24. Qh7 Ne7 25. Qxh4 Qd8 26. Qh7 f5 $19) 23...
Nb4 {[%cal Ra5a2]} 24. Nc1 $8 {The only move. 24.Qh4 loses as the variations
show} (24. Qxh4 Qa2+ 25. Kc1 Rxd3 26. cxd3 Qxb3 (26... Qa1+ 27. Kd2 Qxb2+ 28.
Ke3 Nc2+ 29. Kf3 $18) 27. Kb1 Qc2+ 28. Ka1 Qa4+ 29. Kb1 Bb5 $1 30. Rc1+ Kb8 $19
) 24... Be7 25. Qh7 Bc6 26. Rxf7 Bg5 27. Qxg8 $2 {Practically losing at once.
It was essential to play 27.c3 which led to unclear positions} (27. c3 $5 Nxd3
28. Nxd3 Qb6 29. Re1) 27... Rxg8 28. Rf8+ Qd8 29. Rxd8+ Kxd8 30. Re1 Rxg7 {
An extra piece and the activity of his pieces give black a winning position}
31. c3 Bxc1 32. cxb4 Bh6 33. Re2 Rd7 34. Kc2 Rxd3 {After this tactical strike
white loses another piece. That's why he resigned} 0-1

[Event "CRO-ch"]
[Site "Zagreb"]
[Date "2004.11.20"]
[Round "5"]
[White "Brkic, Ante"]
[Black "Jankovic, Alojzije"]
[Result "0-1"]
[WhiteElo "2454"]
[BlackElo "2477"]
[Annotator "Gofshtein,L"]
[PlyCount "54"]
[EventDate "2004.11.16"]
[EventType "tourn"]
[EventRounds "11"]
[EventCountry "CRO"]
[EventCategory "10"]
[SourceTitle "CBM 105"]
[Source "ChessBase"]
[SourceDate "2005.04.11"]
[SourceVersion "1"]
[SourceVersionDate "2005.04.11"]
[SourceQuality "1"]

1. e4 c5 2. Nf3 d6 3. d4 cxd4 4. Nxd4 Nf6 5. Nc3 Nc6 6. Bg5 e6 7. Qd2 a6 8.
O-O-O Bd7 9. f4 b5 10. Nxc6 {10.Bf6 is more common, practically forcing black
to recapture with the pawn, compromising black's pawn structure} (10. Bxf6 $5)
10... Bxc6 11. Qe3 {After 11.Qe1 black gets a decent counterplay} (11. Qe1 Be7
12. Bd3 Nd7 13. Bxe7 Qxe7 14. Qg3 O-O $11 {Meking-Polugaevskij,1977}) 11... Be7
12. Bxf6 Bxf6 $5 (12... gxf6 {[%cal Rd1d6,Re3a7]} 13. Bd3 (13. f5 b4 $5 14. Ne2
Qa5 $132 (14... e5 $6 15. Ng3 Qa5 16. Bc4 $16)) 13... Qa5 14. Kb1 O-O-O 15. a3
Rd7 $132 {1/2-1/2 Ostojic,P-Dueball,J/BL2-W 1992/GER-chT2 (33)}) 13. e5 (13.
Nd5 $6 {– 26/420}) (13. Nd5 Bxd5 14. exd5 e5 15. Qe4 Qe7 16. f5 Qa7 $11 {
Gufeld-Ermenkov,1978 Jur mala}) 13... Be7 14. Ne4 (14. exd6 Bxd6 15. Qd4 (15.
Ne4 Bxe4 16. Qxe4 O-O $11 (16... O-O 17. Bd3 g6 18. h4 Qf6 {1/2-1/2 Kholmov,
R-Weinstein,N/Budapest 1976/MCL (22)})) 15... Bf8 16. Qf2 (16. Qe3 Bd6 17. Qd4
Bf8 18. Qe3 {1/2-1/2 Cramling,D-Schneider,L/Eksjo 1982/MCD (18)}) (16. Qe5 Qb8
17. Qd4 Be7 18. f5 O-O 19. fxe6 fxe6 20. Bd3 b4 21. Ne4 Bd5 $132 {0-1
Petrushin,A-Yermolinsky,A/Krasnodar 1980/EXT 2002 (59)} (21... Bd5 22. Kb1 Qc7
$132 {0-1 Petrushin,A-Yermolinsky,A/Krasnodar 1980/EXT 99 (59)})) (16. Qe3 {
1/2-1/2 Cramling,D-Schneider,L/Eksjo 1982/MCD (18)}) 16... Bd6 (16... Qc7 $5)
17. Qd4 $11) 14... d5 $5 (14... Bxe4 $1 15. Qxe4 O-O (15... d5 $5) (15... d5
16. Qf3 Qc7 17. Kb1 h5 18. Bd3 g6 19. h4 Qb6 $132 {0-1 Socha,A-Czarnota,D/
Jarnoltowek 2003/CBM 093 ext (49)}) 16. h4 (16. exd6 $11) (16. Bd3 g6 17. h4
dxe5 18. fxe5 Qd5 $11) 16... Qc7 $5 (16... d5 17. Qe3 $13) 17. Bd3 g6 18. h5
dxe5 19. hxg6 (19. fxe5 Bg5+ 20. Kb1 Rad8 21. hxg6 fxg6 $1 $11) 19... hxg6 (
19... fxg6 $2 20. Rxh7 $18) 20. fxe5 $14 {Nisipeanu,L-Magerramov,E/Dubai (open)
84/174 2002/[Nisipeanu,L.-D; Stoica,V] (20)}) 15. Ng5 (15. Kb1 O-O 16. Ng5 $36)
15... a5 $5 $146 {[%mdl 8] Black seizes space on the queenside, trying to get
counterplay in exchange for white's attack on the kingside} (15... b4 16. h4 a5
$132 {1/2-1/2 Vasiesiu,D-Lupulescu,C/Bucharest 2003/CBM 093 ext (54)}) 16. Bd3
(16. Nf3 Rc8 17. Nd4 Qb6 $132) 16... a4 {Black's plan is with the aid of his
a-pawn to weaken the pawn defence of the white king. 16...d4 also looks quite
well with a further a5-a4-a3} (16... d4 $5 17. Qg3 Bxg5 18. fxg5 a4 $132) 17.
Nf3 a3 {[%mdl 4]} 18. b3 Qa5 {[%cal Ra5c3]} 19. Be2 {[%cal Ge3c3] White should
carefully look out for the c3 square not letting the black queen get there} Rc8
{Bringing the rook to a more active position} 20. Nd4 Bd7 {[%cal Rc8c2]
Retreating the bishop and opening the c-file for the rook} 21. Rd3 {[%cal
Rd3c3] Strengthening the defence over the c3 square} O-O {Hiding the king and
connecting rooks. Black gets a firm hold over the initiative} 22. g4 {White
tries to start some active actions on the kingside} Bc5 23. Rf1 {white brings
the rook to amore active position and is preparing the advance f4-f5} Qc7 {
[%cal Rc7c2] Attacking the c2 pawn and forcing white to think about defence}
24. Bd1 f6 $1 {[%cal Rf6e5,Gf8f1,Rd7e8,Re8g6][%mdl 32] A multi-purpose move.
Black is not only undermining white's pawn chain and opens the f-file for the
rook but also prepares a route for his bishop to a more active position} 25.
Re1 (25. exf6 Rxf6 26. g5 Rf7 $36 {[%csl Rf4]}) 25... fxe5 26. fxe5 (26. Qxe5
Bd6 27. Qh5 Bxf4+ $19) 26... Be8 $1 {[%cal Ge8g6,Rg6c2] A transfer of the
bishop to g6 is decisive, white admits his defeat without awaiting a total
devastation} 27. Qh3 Qb6 $19 0-1

[Event "St Petersburg-ch"]
[Site "St Petersburg"]
[Date "2001.04.14"]
[Round "5"]
[White "Yemelin, Vasily"]
[Black "Alekseev, Evgeny V"]
[Result "0-1"]
[WhiteElo "2522"]
[BlackElo "2510"]
[Annotator "Gofshtein,L"]
[PlyCount "70"]
[EventDate "2001.04.10"]
[EventType "tourn"]
[EventRounds "11"]
[EventCountry "RUS"]
[EventCategory "9"]
[SourceTitle "CBM 083"]
[Source "ChessBase"]
[SourceDate "2001.07.05"]
[SourceVersion "1"]
[SourceVersionDate "2001.07.05"]
[SourceQuality "1"]

1. e4 c5 2. Nf3 d6 3. d4 cxd4 4. Nxd4 Nf6 5. Nc3 Nc6 6. Bg5 e6 7. Qd2 a6 8.
O-O-O Bd7 9. f4 b5 10. Bxf6 gxf6 11. Nxc6 Bxc6 12. Re1 {Its a rare move
doesn't further good coordination of white's pieces.More common another
continuations:} (12. Bd3 $5 h5 (12... b4 13. Ne2 Qb6 14. Ng3 {[%csl Rh5][%cal
Yg3h5]} h5 (14... Qc5 {[%csl Rh5][%cal Yf5h5,Yc5h5]} 15. Kb1 h5 16. Rhe1 a5 17.
e5 $5 fxe5 18. fxe5 Bh6 19. Qe2 Qxe5 20. Qf2 $36 {1-0 Zecevic,D-Grosar,A/
Sentjur 1996/EXT 97 (28)}) 15. Qe2 Qc5 16. Kb1 h4 17. Nf1 a5 18. f5 e5 $13 {
1-0 Schlosser,P-Dreev,A/Frankfurt 1996/EXT 99 (25)}) 13. Kb1 (13. Rhe1 Be7 14.
Kb1 Qb6 15. e5 $2 (15. f5 $5) 15... dxe5 16. fxe5 f5 $132 {0-1 Mortensen,
B-Apostolova,P/Moscow 1994/EXT 99 (28)}) 13... Qb6 {[%cal Yb6f2]} 14. f5 (14.
Qe1 {[%cal Ye1h4,Ye1e4]} h4 15. Nd5 Bxd5 16. exd5 Kd7 17. dxe6+ fxe6 18. f5 $40
{1-0 Mendoza,R-Torres,A/Barranquilla 1999/EXT 2000 (34)}) 14... b4 15. Ne2 e5
16. Rhf1 Qc5 17. Rf3 Bh6 18. Qe1 a5 19. Rh3 Bg5 20. Ng1 Ke7 21. Qe2 a4 $132 {
1/2-1/2 Jonsson,B-Demirel,T/Cappelle la Grande 1995/EXT 97 (21)}) (12. f5 b4 (
12... h5 13. Kb1 Bh6 {1/2-1/2 Vehi Bach,V-Garcia Ilundain,D/Barbera 1993/EXT
98 (13)}) 13. Ne2 Bxe4 14. fxe6 fxe6 15. Qe3 f5 16. Ng3 h5 17. Kb1 d5 18. Be2
Qc7 $36 {0-1 Roos,L-Morrison,G/Amsterdam 1978/MCD (44)}) (12. Qd4 {[%cal Yd4a7,
Yd4f6]} Be7 13. Be2 h5 14. Bf3 Qc7 15. Rd3 Qa7 $5 16. Ne2 Qxd4 17. Nxd4 Bd7 18.
Kb1 Rc8 $132 {1/2-1/2 Huebner,R-Pavlov,M/Hamburg 1965/EU-chT (22)}) 12... Be7
13. f5 b4 14. Nd1 d5 $5 {This break in the center leads to the equality} 15.
exd5 Qxd5 (15... Bxd5) 16. Qxd5 Bxd5 17. Ne3 {[%mdl 4096]} (17. c4 Rc8 $132 (
17... bxc3 18. Nxc3 Bb4 19. Nxd5 Bxe1 20. Nc7+ Ke7 21. Nxa8 Rxa8 22. Bd3 $14))
17... Bc6 18. Bc4 Bd7 {Two bishops compansate weaknesses of black.} 19. Rhf1 h5
20. Nd1 {[%csl Re6][%cal Yc4e6,Yf5e6,Ye1e6]} e5 {strong pressure of white's
pieces forced move e5,but anyway black counterplay is sufficient.} 21. Ne3 {
[%cal Ye3d5,Yc4f7]} a5 22. Rd1 {[%cal Rd1d7] With idea 23.Bf7} Ra7 $5 {[%cal
Ya7d7]} 23. Rd5 Bf8 $1 {[%csl Yh6][%cal Yf8h6,Yh6e3] Black transfer bishop
from e7 to h6 outpost and try to create active counterplay.} 24. Kd2 Bh6 25.
Bb5 (25. Ke2 $5 $11) 25... Rg8 $5 {[%csl Yg2][%cal Yg8g2] Last of black pieces
join to the play.} 26. g3 $6 {It was necessary to decrease activity of black
pieces.} (26. Rxd7 $5 Rxd7+ 27. Ke2 Ke7 28. Bxd7 Kxd7 29. g3 $11) 26... Bxb5
27. Rxb5 Rg4 $1 $36 28. Rb8+ (28. Ke2 Re4 29. Rf3 Rc7 $36) 28... Ke7 29. Rh8
Bg5 30. Rf3 (30. Rxh5 Rd7+ 31. Ke2 Re4 32. Rf3 Rc7 $36) 30... Rd4+ 31. Ke2 Rad7
32. Nf1 Rc4 33. c3 e4 34. Re3 Bxe3 35. Nxe3 bxc3 $2 {This mistake of black
could be leads to the equality after right replay of white. But, probably,
time-trouble white led to win immediately.} (35... bxc3 36. Nxc4 $1 c2 37. Nb6
$1 Rd1 (37... Rc7 38. Rc8 Rxc8 39. Nxc8+ Kd8 40. Kd2 Kxc8 41. Kxc2 $18) (37...
c1=Q 38. Nc8+ Qxc8 39. Rxc8) 38. Nc8+ Kd7 39. Nb6+ $11) (35... Rc6 $17) 0-1